• 首页
  • 本馆介绍
  • 公告通知
  • 最新文献
  • 馆藏检索
  • 电子资源
  • 读者导购
  • 参考咨询
  • 我的图书馆
  • 登录
  • 详细信息显示
  • 放入我的书架
  • 预约/预借图书
  • 作者相关作品
  • 分类相关作品
  • 丛书相关作品
  • 出版社相关作品

书目信息

  • 表格格式
  • 工作单格式
  • 卡片格式
题名:
中国封建社会长期延续问题论战的由来与发展
    
 
作者: 白钢 编著
分册:  
出版信息: 北京   中国社会科学出版社  1984
页数: 294页
开本: 20cm
丛书名:
单 册:
中图分类: K230.7
科图分类:
主题词: 中国--古代史--封建社会
电子资源:
ISBN:
000 00608nam0 2200193 45
001 0312221749
005 20060426144423.56
010    @dCNY0.90
091    @a11190.128
100    @a20031222d1984 km y0chiy0120 ea
101    @achi
200 1  @a中国封建社会长期延续问题论战的由来与发展@AZhong Guo Feng Jian She Hui Chang Qi Yan Xu Wen Ti Lun Zhan De You Lai Yu Fa Zhan@f白钢编著@FBai Gang Bian Zhu
210    @a北京@c中国社会科学出版社@d1984
215    @a294页@d20cm
606 0  @a中国@x古代史@x封建社会
690    @aK230.7@v3
701 0  @a白钢@4编著
801    @aCN@bTSTCL@c20060426
905    @a213230@dK230.7@e3
    
    中国封建社会长期延续问题论战的由来与发展/白钢编著.-北京:中国社会科学出版社,1984
    294页;20cm
    
    
    ISBN :CNY0.90
    
●
相关链接 在E读中查询图书 在五车中查询图书 在当当中查询图书 在豆瓣中查询图书


正题名:中国封建社会长期延续问题论战的由来与发展     索取号:K230.7/3         预约/预借

序号 登录号 条形码 馆藏地/架位号 状态 备注
1 0121976   202287943   密集书库/ [索取号:K230.7/3] 在馆    
2 0121977   001281776   第二借阅区/ [索取号:K230.7/3] 在馆    
3 0121978   001281810   第二借阅区/ [索取号:K230.7/3] 在馆    
4 0173910   001281749   第二借阅区/ [索取号:K230.7/3] 在馆    
5 0173911   001281730   第二借阅区/ [索取号:K230.7/3] 在馆    
唐山师范学院图书馆 欢迎您!
大连网信软件有限公司© 版权所有